Jornadas del Medio Ambiente : (Registro nro. 8859)

Detalles MARC
000 -CABECERA
Campo de control 00955nam a22002177a 4500
005 - FECHA Y HORA DE LA ULTIMA TRANSACCION
Campo de control 20141204091045.0
008 - ELEMENTOS DE LONGITUD FIJA—INFORMACION GENERAL
Campo de control 141202b xxu||||| |||| 00| 0 spa d
040 ## - FUENTE DE CATALOGACIÓN
Agencia transcriptora CO-BoIH
041 ## - IDIOMA
Código de idioma para texto/pista de sonido o título separado Español
044 ## - PAÍS DE PUBLICACIÓN
País de publicación Colombia
090 ## - CLASIFICACIÓN LOCAL
Colección EA
Consecutivo 00183
110 1# - ASIENTO PRINCIPAL--NOMBRE CORPORATIVO
Nombre corporativo o de jurisdicción como elemento de entrada Colombia
Unidad subordinad Corporación Autónoma Regional de la Orinoquia-Corporinoquia
245 1# - MENCION DE TITULO
Título Jornadas del Medio Ambiente :
Parte restante del título Manual del Dinamizador
260 ## - PUBLICACION, DISTRIBUCION, ETC. (PIE DE IMPRENTA)
Lugar de publicación, distribución, etc. [Sin lugar de publicación]
Nombre del editor, distribuidor, etc. Corporación Autónoma Regional de la Orinoquia-Corporinoquia
-- Cooperativa Nacional de Desarrollo Territorial Ltda-CODETER
Fecha de publicación, distribución, etc. [Sin fecha]
300 ## - DESCRIPCION FISICA
Extensión 89 pag
Otros detalles físicos Il.
Dimensiones 28 cm.
650 #6 - ASIENTO SECUNDARIO DE MATERIA - TERMINO TEMATICO
Término temático o nombre geográfico como elemento de entrada Educación Ambiental
Subdivisión geográfica Región Orinoquia (Dpt. Colombia)
650 #4 - ASIENTO SECUNDARIO DE MATERIA - TERMINO TEMATICO
Término temático o nombre geográfico como elemento de entrada Proyectos Ambientales
Subdivisión geográfica Región Orinoquia (Dpt. Colombia)
650 ## - ASIENTO SECUNDARIO DE MATERIA - TERMINO TEMATICO
Término temático o nombre geográfico como elemento de entrada Liderazgo y Medio Ambiente
Subdivisión geográfica Región Orinoquia (Dpt. Colombia)
650 #6 - ASIENTO SECUNDARIO DE MATERIA - TERMINO TEMATICO
Término temático o nombre geográfico como elemento de entrada Desarrollo Rural
Subdivisión geográfica Región Orinoquia (Dpt. Colombia)
942 ## - ELEMENTOS ADICIONALES (KOHA)
Sistema de clasificación Local
Tipo de ítem Libro
Existencias
Withdrawn status Lost status Sistema de Clasificación Damaged status No para préstamo Colección Inventariado Ubicación Permanente Ubicación actual Fecha de adquisición Fuente de Valor Valor Total Checkouts Número topográfico Inventario / Código de Barras Date last seen Ejemplar Price effective from Forma de adquisición Tipo de material
    Local     Educación Ambiental Inventariado 2017 Sala Fabio Quevedo Sala Fabio Quevedo 02/12/2014 Instituto 39000.00   EA-00183 035027 02/12/2014 Ej. 1 02/12/2014   Libro
    Local     Educación Ambiental Inventariado 2017 Sala Fabio Quevedo Sala Fabio Quevedo 02/12/2014 Instituto 39000.00   EA-00183 035028 02/12/2014 Ej. 2 02/12/2014   Libro